[Event "2016 Welsh Seniors Championship"]
[Site "Penarth"]
[Date "2016.08.27"]
[Round "1.1"]
[White "Saunders, Walter N. R."]
[Black "James, Dai"]
[Result "1/2-1/2"]
[WhiteElo "2047"]
[BlackElo "1894"]
[PlyCount "95"]
[EventDate "2016.08.28"]
[EventType "swiss"]
[EventRounds "5"]
[EventCountry "WLS"]
[SourceDate "2016.08.28"]

1. Nf3 f5 2. d4 Nf6 3. e3 e6 4. Nbd2 Be7 5. b3 O-O 6. Bb2 d5 7. Be2 c5 8. O-O
Nc6 9. c4 b6 10. a3 Ne4 11. cxd5 exd5 12. dxc5 bxc5 13. Qc2 Be6 14. b4 c4 15.
Rad1 Qb6 16. Nd4 Nxd2 17. Rxd2 Nxd4 18. Bxd4 Qc7 19. Qc3 Bd6 20. g3 g5 21. f4
g4 22. Rfd1 Qf7 23. Bf1 Rad8 24. Bg2 h5 25. Be5 Rd7 26. Rxd5 Bxe5 27. Qxe5 Rfd8
28. Rxd7 Rxd7 29. Rxd7 Qxd7 30. Qc3 Qd1+ 31. Kf2 Bd5 32. Bxd5+ Qxd5 33. Qe5 Qc6
34. Ke1 Qh1+ 35. Kd2 Qxh2+ 36. Kc3 Qxg3 37. Kxc4 Qf3 38. Qe8+ Kg7 39. Qd7+ Kf8
40. Qxf5+ Ke7 41. Qe5+ Kd7 42. Qg7+ Ke6 43. Qg6+ Kd7 44. Qf7+ Kd6 45. Qxh5 Qe2+
46. Kd4 Qd2+ 47. Ke4 Qc2+ 48. Kd4 1/2-1/2

[Event "2016 Welsh Seniors Championship"]
[Site "Penarth"]
[Date "2016.08.27"]
[Round "1.2"]
[White "Dixon, Chris"]
[Black "Reynolds, D Ian W"]
[Result "0-1"]
[WhiteElo "1796"]
[BlackElo "2030"]
[PlyCount "146"]
[EventDate "2016.08.28"]
[EventType "swiss"]
[EventRounds "5"]
[EventCountry "WLS"]
[SourceDate "2016.08.28"]

1. Nf3 d5 2. g3 Bg4 3. Bg2 Nd7 4. O-O e5 5. d3 Ngf6 6. h3 Bh5 7. Nc3 c6 8. e4
dxe4 9. dxe4 Qc7 10. Qe2 Be7 11. a4 O-O 12. Be3 Rfe8 13. g4 Bg6 14. Nd2 Bc5 15.
Nb3 Bxe3 16. Qxe3 Nf8 17. Rfd1 Ne6 18. Rd2 b6 19. Rad1 Rad8 20. f3 Rxd2 21.
Rxd2 Rd8 22. Bf1 Rxd2 23. Qxd2 Qd7 24. Qxd7 Nxd7 25. Kf2 f6 26. Bc4 Bf7 27. Ne2
Kf8 28. Kg3 Ke7 29. c3 Nf4 30. Bxf7 Nxe2+ 31. Kf2 Nxc3 32. bxc3 Kxf7 33. Ke3
Ke6 34. Kd3 Kd6 35. Kc4 g5 36. Kb4 a5+ 37. Kc4 b5+ 38. axb5 Nb6+ 39. Kd3 a4 40.
Nc1 cxb5 41. Na2 Kc5 42. Nb4 a3 43. Na6+ Kd6 44. Nb4 Nc4 45. Na2 Kc5 46. Nb4
Nb2+ 47. Kc2 Kc4 48. Nc6 Kc5 49. Nb4 Nc4 50. Kd3 Kb6 51. Kc2 Ka5 52. Kb3 Nd2+
53. Kxa3 Nxf3 54. Nd5 Nd2 55. Nxf6 h6 56. Kb2 Ka4 57. Kc2 Nf3 58. Nd7 Ka3 59.
Kd3 Kb3 60. Nc5+ Kb2 61. Nd7 Ng1 62. Nxe5 Nxh3 63. Nf7 Nf2+ 64. Kd4 Nxg4 65. e5
h5 66. Nxg5 Nxe5 67. Kc5 Kxc3 68. Kxb5 Kd4 69. Kb4 h4 70. Nh3 Ke3 71. Kc3 Kf3
72. Kd2 Kg3 73. Ng5 Nf3+ 0-1

[Event "2016 Welsh Seniors Championship"]
[Site "Penarth"]
[Date "2016.08.27"]
[Round "1.3"]
[White "Van Kemenade, Rudy"]
[Black "Hurn, Robert AJ"]
[Result "1-0"]
[WhiteElo "1997"]
[BlackElo "1619"]
[PlyCount "71"]
[EventDate "2016.08.28"]
[EventType "swiss"]
[EventRounds "5"]
[EventCountry "WLS"]
[SourceDate "2016.08.28"]

1. e4 c5 2. Nf3 d6 3. Bb5+ Bd7 4. Bxd7+ Qxd7 5. O-O Nf6 6. Re1 e6 7. c3 Be7 8.
d4 O-O 9. h3 cxd4 10. cxd4 Nc6 11. Nc3 Rac8 12. a4 h6 13. Be3 Rfe8 14. d5 Ne5
15. dxe6 Nxf3+ 16. Qxf3 fxe6 17. Bxa7 Rf8 18. Qe2 Ne8 19. Red1 Rc6 20. Bd4 Rf7
21. Nb5 Ra6 22. Bc3 Nc7 23. Nd4 Rxa4 24. b3 Ra6 25. Ba5 Rf8 26. Bxc7 Rxa1 27.
Rxa1 e5 28. Qc4+ Kh7 29. Nb5 Bh4 30. Bb6 Rc8 31. Qd5 Rc6 32. Be3 Be7 33. Rd1
Bf6 34. Nxd6 Qd8 35. Nxb7 Qc8 36. Qd7 1-0

[Event "2016 Welsh Seniors Championship"]
[Site "Penarth"]
[Date "2016.08.27"]
[Round "1.4"]
[White "Williams, David J"]
[Black "Bevan, Peter M"]
[Result "0-1"]
[WhiteElo "1530"]
[BlackElo "1956"]
[PlyCount "62"]
[EventDate "2016.08.28"]
[EventType "swiss"]
[EventRounds "5"]
[EventCountry "WLS"]
[SourceDate "2016.08.28"]

1. e4 c5 2. Nf3 e6 3. d4 cxd4 4. Nxd4 a6 5. c4 Nf6 6. Nc3 Qc7 7. Be2 b6 8. Qc2
Nc6 9. Nf3 Bc5 10. O-O O-O 11. b3 Bb7 12. a3 Nd4 13. Nxd4 Bxd4 14. Bb2 Nxe4 15.
Nxe4 Bxe4 16. Qxe4 Bxb2 17. Rad1 Bxa3 18. Rd3 Be7 19. Rfd1 Rad8 20. h4 f5 21.
Qd4 Bc5 22. Qb2 a5 23. h5 Qf4 24. Rf3 Qg5 25. Qe5 Qf6 26. Qc7 d6 27. Rg3 Rf7
28. Qc6 Qe5 29. Kf1 Qe4 30. Qa4 Qh4 31. Bf3 f4 0-1

[Event "2016 Welsh Seniors Championship"]
[Site "Penarth"]
[Date "2016.08.27"]
[Round "1.5"]
[White "Taylor, Robert Graham"]
[Black "O'Rourke, Kevin"]
[Result "1-0"]
[WhiteElo "1927"]
[BlackElo "1352"]
[PlyCount "64"]
[EventDate "2016.08.28"]
[EventType "swiss"]
[EventRounds "5"]
[EventCountry "WLS"]
[SourceDate "2016.08.28"]

1. Nf3 d5 2. g3 Nc6 3. Bg2 e5 4. O-O e4 5. Ne1 Nf6 6. d3 Bf5 7. c3 Qd7 8. dxe4
Bh3 9. exd5 Bxg2 10. Kxg2 Nxd5 11. Nf3 O-O-O 12. Qc2 Be7 13. e4 Nf6 14. Be3 Qg4
15. Nbd2 h5 16. h3 Qg6 17. Nh4 Qh7 18. Nf5 Bd6 19. f4 g6 20. Nxd6+ cxd6 21. Nf3
Rhe8 22. Ng5 Qg8 23. Rae1 Nh7 24. Nxh7 Qxh7 25. b4 Kb8 26. Qa4 a6 27. Bb6 Rd7
28. c4 h4 29. b5 Na7 30. Bxa7+ Kxa7 31. b6+ Ka8 32. Qxd7 Rxe4 1-0

[Event "2016 Welsh Seniors Championship"]
[Site "Penarth"]
[Date "2016.08.28"]
[Round "2.1"]
[White "Reynolds, D Ian W"]
[Black "Taylor, Robert Graham"]
[Result "1/2-1/2"]
[WhiteElo "2030"]
[BlackElo "1927"]
[PlyCount "51"]
[EventDate "2016.08.28"]
[EventType "swiss"]
[EventRounds "5"]
[EventCountry "WLS"]
[SourceDate "2016.08.28"]

1. e4 c5 2. c3 Qa5 3. Nf3 Nc6 4. d4 cxd4 5. Nxd4 Nf6 6. Nxc6 bxc6 7. Bd3 g6 8.
O-O Bg7 9. Nd2 d6 10. Nc4 Qc7 11. Qe2 O-O 12. e5 Nd5 13. f4 Nb6 14. Re1 Be6 15.
exd6 exd6 16. f5 Bxc4 17. Bxc4 Nxc4 18. Qxc4 Rae8 19. Be3 Rb8 20. Re2 Rfe8 21.
Rae1 Be5 22. Qh4 f6 23. Bd4 g5 24. Qf2 Qf7 25. a3 Re7 26. Bxe5 1/2-1/2

[Event "2016 Welsh Seniors Championship"]
[Site "Penarth"]
[Date "2016.08.28"]
[Round "2.2"]
[White "Bevan, Peter M"]
[Black "Van Kemenade, Rudy"]
[Result "0-1"]
[WhiteElo "1956"]
[BlackElo "1997"]
[PlyCount "118"]
[EventDate "2016.08.28"]
[EventType "swiss"]
[EventRounds "5"]
[EventCountry "WLS"]
[SourceDate "2016.08.28"]

1. c4 d6 2. g3 Nc6 3. Bg2 e5 4. Nc3 g6 5. d3 Bg7 6. e4 h5 7. h3 f5 8. Nge2 h4
9. Be3 Nd4 10. exf5 gxf5 11. Qd2 c6 12. Bg5 Bf6 13. gxh4 Ne6 14. Bxf6 Qxf6 15.
O-O-O Rxh4 16. Rhe1 Ne7 17. Qe3 Bd7 18. Kb1 Kf7 19. Rg1 Ng6 20. Bf1 Nd4 21. Qg5
Nf3 22. Qxf6+ Kxf6 23. Rg3 Ng5 24. d4 e4 25. Re3 f4 26. Nxe4+ Nxe4 27. Rxe4 Bf5
28. Nc3 f3 29. Bd3 Bxe4 30. Nxe4+ Ke7 31. Ng3 Kf7 32. Bf5 Nf4 33. Ne4 d5 34.
cxd5 cxd5 35. Ng5+ Kf6 36. Nxf3 Rh6 37. Bg4 Nxh3 38. Ne5 Nxf2 39. Rf1 Rh1 40.
Rxh1 Nxh1 41. Bf3 Nf2 42. Nd7+ Ke7 43. Nc5 b6 44. Na6 Ne4 45. Kc2 Kd6 46. Kd3
Nf6 47. Nb4 Rh8 48. Nc2 Rh2 49. a4 Ne4 50. Na3 a6 51. Bxe4 Rh3+ 52. Ke2 dxe4
53. Nc4+ Kd5 54. Nxb6+ Kxd4 55. Kd2 Rh2+ 56. Kc1 Kd3 57. b4 e3 58. Nd5 e2 59.
Nf4+ Kc3 0-1

[Event "2016 Welsh Seniors Championship"]
[Site "Penarth"]
[Date "2016.08.28"]
[Round "2.3"]
[White "Hurn, Robert AJ"]
[Black "Saunders, Walter N. R."]
[Result "0-1"]
[WhiteElo "1619"]
[BlackElo "2047"]
[PlyCount "144"]
[EventDate "2016.08.28"]
[EventType "swiss"]
[EventRounds "5"]
[EventCountry "WLS"]
[SourceDate "2016.08.28"]

1. d4 Nf6 2. c4 g6 3. f3 d6 4. e4 Bg7 5. Nc3 O-O 6. Be3 e5 7. Nge2 Na6 8. Qd2
c5 9. d5 Bd7 10. Ng3 h5 11. Bd3 Rb8 12. a4 Nb4 13. b3 a6 14. Na2 Nxd3+ 15. Qxd3
b5 16. axb5 axb5 17. O-O bxc4 18. bxc4 Qc7 19. Rfb1 Rxb1+ 20. Rxb1 Rb8 21. Nc3
Rb7 22. Nge2 Qb8 23. Rxb7 Qxb7 24. Qb1 Qxb1+ 25. Nxb1 Ne8 26. Nec3 Bf6 27. Kf2
Bd8 28. Ke2 Nc7 29. Nd2 Kf8 30. Kd3 Na6 31. Ke2 Ba5 32. Ncb1 Bb4 33. Bf2 Ba4
34. Be1 Bc2 35. h3 f5 36. Bh4 Ke8 37. Ke3 Nb8 38. Ke2 Nd7 39. Bg5 f4 40. Bh4
Nb6 41. g4 Bxb1 42. Nxb1 Nxc4 43. Be1 Bxe1 44. Kxe1 hxg4 45. hxg4 Kd7 46. Ke2
Kc7 47. Kd3 Ne3 48. Nd2 Kb6 49. Kc3 Kb5 50. Nb1 c4 51. Na3+ Kc5 52. g5 Nd1+ 53.
Kd2 Nb2 54. Nc2 Kb5 55. Kc3 Na4+ 56. Kd2 Kc5 57. Kc1 c3 58. Kb1 Kc4 59. Kc1 Nb2
60. Na3+ Kb4 61. Nc2+ Kb3 62. Ne1 Na4 63. Nd3 Nb6 64. Nf2 Nc4 65. Nd3 Na5 66.
Ne1 Kc4 67. Kc2 Nb3 68. Kb1 Nd4 69. Kc1 Kb3 70. Kd1 c2+ 71. Kd2 Kb2 72. Nd3+
Kb1 0-1

[Event "2016 Welsh Seniors Championship"]
[Site "Penarth"]
[Date "2016.08.28"]
[Round "2.4"]
[White "James, Dai"]
[Black "Dixon, Chris"]
[Result "1/2-1/2"]
[WhiteElo "1894"]
[BlackElo "1796"]
[PlyCount "72"]
[EventDate "2016.08.28"]
[EventType "swiss"]
[EventRounds "5"]
[EventCountry "WLS"]
[SourceDate "2016.08.28"]

1. f4 d6 2. Nf3 Nf6 3. d3 g6 4. e4 Bg7 5. Be2 O-O 6. O-O e5 7. Nc3 c6 8. a4 a5
9. Qe1 Bg4 10. Qg3 Bxf3 11. Bxf3 Qe7 12. Be3 Nbd7 13. Rae1 Rfe8 14. Kh1 Rad8
15. Bd1 Nf8 16. f5 d5 17. Bc1 d4 18. Ne2 N8d7 19. Qf3 gxf5 20. Qxf5 Qe6 21. Ng3
Nc5 22. Qg5 Nfd7 23. Bh5 f6 24. Qh4 Re7 25. Nf5 Nf8 26. Nxe7+ Qxe7 27. b3 b5
28. Ba3 b4 29. Bc1 Nce6 30. Bg4 Ng6 31. Qh3 Nef4 32. Qf3 Nh4 33. Qg3 Nhxg2 34.
Bxf4 Nxf4 35. Rxf4 exf4 36. Qxf4 Qe5 1/2-1/2

[Event "2016 Welsh Seniors Championship"]
[Site "Penarth"]
[Date "2016.08.28"]
[Round "2.5"]
[White "O'Rourke, Kevin"]
[Black "Williams, David J"]
[Result "0-1"]
[WhiteElo "1352"]
[BlackElo "1530"]
[PlyCount "94"]
[EventDate "2016.08.28"]
[EventType "swiss"]
[EventRounds "5"]
[EventCountry "WLS"]
[SourceDate "2016.08.28"]

1. e4 e5 2. Nf3 Nc6 3. d4 exd4 4. Nxd4 Nf6 5. Nxc6 bxc6 6. Bd3 Be7 7. b3 O-O 8.
Bb2 d6 9. Nd2 Re8 10. h3 Rb8 11. Nf3 Bf8 12. Qd2 g6 13. O-O-O Bg7 14. g4 c5 15.
Rhe1 Bb7 16. Qf4 Nd7 17. Bxg7 Kxg7 18. Bc4 Qf6 19. Qxf6+ Nxf6 20. Ng5 Re7 21.
Bd5 Nxd5 22. exd5 Rbe8 23. Rxe7 Rxe7 24. f4 h6 25. Nf3 Re3 26. Rd3 Rxd3 27.
cxd3 Bxd5 28. Nh2 Kf6 29. Kd2 g5 30. Ke3 a5 31. Nf1 Bg2 32. Ng3 Bc6 33. Nh5+
Ke7 34. f5 Bg2 35. Kf2 Bxh3 36. Kg3 Bf1 37. Kf3 Bxd3 38. Ke3 Ba6 39. Kd2 d5 40.
f6+ Ke6 41. Ng7+ Kxf6 42. Ne8+ Ke5 43. Nxc7 Bf1 44. Ke3 d4+ 45. Kf2 Bh3 46. Na6
Kd6 47. Kg3 d3 0-1

[Event "2016 Welsh Seniors Championship"]
[Site "Penarth"]
[Date "2016.08.28"]
[Round "3.1"]
[White "Van Kemenade, Rudy"]
[Black "Reynolds, D Ian W"]
[Result "1/2-1/2"]
[WhiteElo "1997"]
[BlackElo "2030"]
[PlyCount "133"]
[EventDate "2016.08.28"]
[EventType "swiss"]
[EventRounds "5"]
[EventCountry "WLS"]
[SourceDate "2016.08.28"]

1. e4 e5 2. Nf3 Nc6 3. Bb5 a6 4. Ba4 Nf6 5. O-O Be7 6. Re1 b5 7. Bb3 O-O 8. d3
d6 9. c3 Na5 10. Bc2 c5 11. Nbd2 Nc6 12. Nf1 Re8 13. h3 Bf8 14. a4 b4 15. Ng3
g6 16. d4 bxc3 17. bxc3 cxd4 18. cxd4 Nb4 19. Bb1 Qc7 20. d5 a5 21. Ra3 Ba6 22.
Bd2 Rab8 23. Rc3 Qb7 24. Qc1 Rec8 25. Ree3 Bh6 26. Rxc8+ Rxc8 27. Rc3 Rxc3 28.
Qxc3 Bxd2 29. Nxd2 Nd7 30. Nb3 Qb6 31. Nf1 Nc5 32. Nxc5 Qxc5 33. Qxc5 dxc5 34.
Ne3 Kf8 35. f3 Ke7 36. Kf2 Kd6 37. Ke1 h5 38. h4 f6 39. Kd2 c4 40. Kc3 Kc5 41.
g4 Nd3 42. Bxd3 cxd3 43. gxh5 gxh5 44. Nf1 Bc8 45. Nd2 Bd7 46. Nc4 Bxa4 47.
Nxa5 Bd1 48. Nb3+ Kd6 49. Nd2 Be2 50. Nc4+ Kc5 51. Ne3 Bxf3 52. Kxd3 Kd6 53.
Nf5+ Kd7 54. Ng3 Bg4 55. Kc4 Kd6 56. Kb5 Bf3 57. Kc4 Bg4 58. Kd3 f5 59. exf5
Kxd5 60. Ke3 Kd6 61. Ke4 Bd1 62. Nf1 Bc2+ 63. Ke3 Bxf5 64. Ng3 Bg6 65. Ne2 Kd5
66. Ng3 Ke6 67. Kf3 1/2-1/2

[Event "2016 Welsh Seniors Championship"]
[Site "Penarth"]
[Date "2016.08.28"]
[Round "3.2"]
[White "Saunders, Walter N. R."]
[Black "Taylor, Robert Graham"]
[Result "1/2-1/2"]
[WhiteElo "2047"]
[BlackElo "1927"]
[PlyCount "73"]
[EventDate "2016.08.28"]
[EventType "swiss"]
[EventRounds "5"]
[EventCountry "WLS"]
[SourceDate "2016.08.28"]

1. d4 Nf6 2. Nf3 b6 3. c4 Bb7 4. Nc3 e6 5. Qc2 d5 6. e3 Be7 7. a3 O-O 8. b4
dxc4 9. Bxc4 c5 10. bxc5 bxc5 11. dxc5 Bxc5 12. O-O Nbd7 13. Bb2 Rc8 14. Be2
Qe7 15. Qb3 Rb8 16. Qc2 Rfc8 17. Rfd1 h6 18. Rd2 Nb6 19. Qd1 Nfd5 20. Nxd5 Bxd5
21. Be5 Rb7 22. Ba6 Nc4 23. Bxb7 Qxb7 24. Rc2 Bxf3 25. gxf3 Nxe5 26. e4 Be7 27.
Rxc8+ Qxc8 28. Rc1 Nxf3+ 29. Kh1 Qf8 30. Qxf3 Bxa3 31. Rc7 a5 32. Qc3 Qb4 33.
Rc8+ Kh7 34. Qc2 Qb2 35. Qxb2 Bxb2 36. Ra8 Bc3 37. Kg2 1/2-1/2

[Event "2016 Welsh Seniors Championship"]
[Site "Penarth"]
[Date "2016.08.28"]
[Round "3.3"]
[White "James, Dai"]
[Black "Bevan, Peter M"]
[Result "1/2-1/2"]
[WhiteElo "1894"]
[BlackElo "1956"]
[PlyCount "62"]
[EventDate "2016.08.28"]
[EventType "swiss"]
[EventRounds "5"]
[EventCountry "WLS"]
[SourceDate "2016.08.28"]

1. e4 c5 2. Nc3 Nc6 3. Bb5 Nd4 4. a4 a6 5. Bc4 e6 6. f4 g6 7. Nf3 Bg7 8. O-O
Ne7 9. d3 d5 10. Ba2 O-O 11. Nxd4 cxd4 12. Ne2 dxe4 13. dxe4 b6 14. c3 Bb7 15.
e5 dxc3 16. bxc3 Qc7 17. Qe1 Qc6 18. Qf2 Qxa4 19. Qxb6 Qe4 20. Qf2 Rac8 21. Ba3
Rfe8 22. Rab1 Bd5 23. Ng3 Qa4 24. Bxe7 Qxa2 25. Bb4 a5 26. Qxa2 Bxa2 27. Ra1
Bc4 28. Rxa5 Bxf1 29. Kxf1 Rc4 30. Ke2 Bf8 31. Kd3 Bxb4 1/2-1/2

[Event "2016 Welsh Seniors Championship"]
[Site "Penarth"]
[Date "2016.08.28"]
[Round "3.4"]
[White "Dixon, Chris"]
[Black "Hurn, Robert AJ"]
[Result "1/2-1/2"]
[WhiteElo "1796"]
[BlackElo "1619"]
[PlyCount "29"]
[EventDate "2016.08.28"]
[EventType "swiss"]
[EventRounds "5"]
[EventCountry "WLS"]
[SourceDate "2016.08.28"]

1. Nf3 Nf6 2. g3 g6 3. Bg2 Bg7 4. O-O O-O 5. d3 c5 6. e4 Nc6 7. Re1 d6 8. c3
Rb8 9. h3 Qc7 10. a3 b5 11. Nbd2 e5 12. b4 Rd8 13. Qe2 a5 14. bxc5 dxc5 15. Qe3
1/2-1/2

[Event "2016 Welsh Seniors Championship"]
[Site "Penarth"]
[Date "2016.08.29"]
[Round "4.1"]
[White "Taylor, Robert Graham"]
[Black "Van Kemenade, Rudy"]
[Result "1/2-1/2"]
[WhiteElo "1927"]
[BlackElo "1997"]
[PlyCount "106"]
[EventDate "2016.08.28"]
[EventType "swiss"]
[EventRounds "5"]
[EventCountry "WLS"]
[SourceDate "2016.08.28"]

1. g3 Nf6 2. Bg2 g6 3. e4 d6 4. d4 Bg7 5. c4 O-O 6. Nc3 Nc6 7. Nge2 e5 8. d5
Ne7 9. O-O Ne8 10. Be3 f5 11. f3 h6 12. Qd2 g5 13. Bf2 f4 14. g4 Rf7 15. Nc1
Ng6 16. Nd3 Bf8 17. Rfd1 Nf6 18. h3 h5 19. Ne1 Rh7 20. Qe2 hxg4 21. fxg4 Nh4
22. Bxh4 gxh4 23. Bf3 Rg7 24. Kh2 Nh7 25. Ng2 Ng5 26. Rg1 Bd7 27. Rad1 a6 28.
Ne1 c5 29. Bg2 b5 30. b3 Qa5 31. Qc2 Rb8 32. Nf3 Nxf3+ 33. Bxf3 Be7 34. Rb1 Bg5
35. Rb2 Be8 36. Nb1 Rgb7 37. Nd2 Qd8 38. Rgb1 b4 39. Qd3 a5 40. Qf1 a4 41. Qd1
Ra8 42. Qf1 Kg7 43. Qe2 Ra6 44. Rc1 Rba7 45. Rcc2 Qa8 46. Kg2 axb3 47. axb3 Ra1
48. Nb1 R7a5 49. Rd2 Bg6 50. Rdc2 Qh8 51. Kh2 Qh7 52. Kg2 Kf6 53. Kf2 Qa7
1/2-1/2

[Event "2016 Welsh Seniors Championship"]
[Site "Penarth"]
[Date "2016.08.29"]
[Round "4.2"]
[White "Bevan, Peter M"]
[Black "Saunders, Walter N. R."]
[Result "1-0"]
[WhiteElo "1956"]
[BlackElo "2047"]
[PlyCount "121"]
[EventDate "2016.08.28"]
[EventType "swiss"]
[EventRounds "5"]
[EventCountry "WLS"]
[SourceDate "2016.08.28"]

1. c4 e5 2. g3 f5 3. Nf3 Nc6 4. d4 e4 5. Nh4 d5 6. cxd5 Qxd5 7. e3 Nf6 8. Nc3
Bb4 9. a3 Bxc3+ 10. bxc3 Na5 11. Rb1 c6 12. Ng2 b5 13. Nf4 Qf7 14. h4 O-O 15.
a4 a6 16. Ba3 Rd8 17. Bb4 Nc4 18. Qb3 Nd6 19. Qxf7+ Kxf7 20. Bxd6 Rxd6 21. axb5
axb5 22. c4 bxc4 23. Bxc4+ Nd5 24. O-O Ke7 25. Bxd5 cxd5 26. Rfc1 Ba6 27. Rc7+
Kf8 28. Ra1 Kg8 29. Rc5 Rad8 30. Nxd5 Rxd5 31. Rxd5 Rxd5 32. Rxa6 Rb5 33. Ra7
Rb1+ 34. Kg2 Rd1 35. g4 fxg4 36. Re7 h5 37. Rxe4 Kf7 38. Kg3 Rf1 39. Rf4+ Ke7
40. f3 gxf3 41. Rxf3 Rg1+ 42. Kf2 Rh1 43. Rf4 Ke6 44. Kf3 g6 45. Ke4 Rd1 46.
Rf3 Rd2 47. Rg3 Kf6 48. d5 Rh2 49. Rf3+ Ke7 50. Rf4 Rh3 51. Kd4 Rh1 52. Ke5 Rg1
53. e4 g5 54. hxg5 Rxg5+ 55. Rf5 Rg7 56. Rxh5 Kd7 57. d6 Kc6 58. Kf6 Rg1 59. e5
Rf1+ 60. Ke7 Rd1 61. Rh2 1-0

[Event "2016 Welsh Seniors Championship"]
[Site "Penarth"]
[Date "2016.08.29"]
[Round "4.3"]
[White "Reynolds, D Ian W"]
[Black "Williams, David J"]
[Result "1-0"]
[WhiteElo "2030"]
[BlackElo "1530"]
[PlyCount "99"]
[EventDate "2016.08.28"]
[EventType "swiss"]
[EventRounds "5"]
[EventCountry "WLS"]
[SourceDate "2016.08.28"]

1. e4 e5 2. Nf3 Nc6 3. d4 exd4 4. Nxd4 Nf6 5. Nxc6 bxc6 6. e5 Nd5 7. c4 Nb6 8.
Bd3 d6 9. Qe2 Be6 10. Bf4 Be7 11. O-O O-O 12. Nd2 Nd7 13. Nf3 c5 14. Rad1 dxe5
15. Nxe5 Bd6 16. Be4 Qf6 17. Nxd7 Qxf4 18. g3 Qh6 19. Nxf8 Rxf8 20. Bd5 Bf5 21.
Rfe1 Bd7 22. Qd2 Qf6 23. Qc3 Qf5 24. Re3 h5 25. Qd3 Qf6 26. Qe2 h4 27. Qh5 hxg3
28. hxg3 g6 29. Qh6 Bg4 30. Rde1 Bd7 31. Rf3 Qg7 32. Qxg7+ Kxg7 33. Ra3 f5 34.
Rxa7 f4 35. Kg2 fxg3 36. fxg3 Bg4 37. a4 Rh8 38. Ra8 Rh5 39. Be6 Rg5 40. Bxg4
Rxg4 41. Re3 Rxc4 42. b3 Rb4 43. a5 c4 44. bxc4 Rxc4 45. a6 Ra4 46. Rc3 Kf6 47.
Kh3 g5 48. Kg2 Ke6 49. a7 g4 50. Re8+ 1-0

[Event "2016 Welsh Seniors Championship"]
[Site "Penarth"]
[Date "2016.08.29"]
[Round "4.4"]
[White "Hurn, Robert AJ"]
[Black "James, Dai"]
[Result "0-1"]
[WhiteElo "1619"]
[BlackElo "1894"]
[PlyCount "86"]
[EventDate "2016.08.28"]
[EventType "swiss"]
[EventRounds "5"]
[EventCountry "WLS"]
[SourceDate "2016.08.28"]

1. d4 f5 2. Bg5 Nf6 3. Bxf6 exf6 4. e3 g6 5. Nh3 Bg7 6. Nd2 Qe7 7. Bc4 c6 8. c3
d5 9. Bd3 a5 10. Qe2 Na6 11. O-O Nc7 12. a4 Bd7 13. Nb3 Ne6 14. Rfe1 O-O 15.
Nf4 b6 16. Bc2 Nxf4 17. exf4 Qxe2 18. Rxe2 Rfe8 19. Rae1 Kf7 20. Nd2 Bf8 21.
Bb3 Rxe2 22. Rxe2 Re8 23. Re3 Bd6 24. g3 g5 25. Rxe8 Bxe8 26. fxg5 fxg5 27. Bc2
Kf6 28. Nf3 h6 29. Kg2 Bd7 30. h4 f4 31. hxg5+ hxg5 32. b3 b5 33. Nd2 g4 34.
axb5 cxb5 35. Nb1 Bf5 36. Bxf5 Kxf5 37. gxf4 Kxf4 38. Kf1 b4 39. Ke2 Bf8 40.
cxb4 Bxb4 41. Kd3 Kf3 42. Nc3 Bxc3 43. Kxc3 Kxf2 0-1

[Event "2016 Welsh Seniors Championship"]
[Site "Penarth"]
[Date "2016.08.29"]
[Round "4.5"]
[White "O'Rourke, Kevin"]
[Black "Dixon, Chris"]
[Result "0-1"]
[WhiteElo "1352"]
[BlackElo "1796"]
[PlyCount "102"]
[EventDate "2016.08.28"]
[EventType "swiss"]
[EventRounds "5"]
[EventCountry "WLS"]
[SourceDate "2016.08.28"]

1. e4 d6 2. d4 Nf6 3. Nc3 g6 4. Be3 Bg7 5. Qd2 O-O 6. Bh6 c6 7. Bxg7 Kxg7 8.
Be2 b5 9. a3 Qc7 10. Bf3 a6 11. Nge2 Nbd7 12. Ng3 Nb6 13. b3 e5 14. Nf5+ Bxf5
15. exf5 d5 16. O-O e4 17. Be2 Nc8 18. Nd1 Nd6 19. Ne3 Qd7 20. Bg4 Nxg4 21.
Nxg4 Nxf5 22. Ne5 Qe6 23. c3 f6 24. Ng4 h5 25. Ne3 Nd6 26. Rae1 f5 27. f4 a5
28. Qf2 a4 29. b4 Nc4 30. Qg3 Nxa3 31. Ra1 Nc4 32. Nxc4 dxc4 33. Rfe1 Qf6 34.
Re3 h4 35. Qh3 Kf7 36. g3 hxg3 37. Rxg3 Rh8 38. Qg2 Rh4 39. Qd2 Qd6 40. d5 Qxd5
41. Qe3 Rd8 42. Qf2 Qd2 43. Rg2 Qxf2+ 44. Rxf2 Rd3 45. Re1 Rxc3 46. Rd1 Rd3 47.
Rdf1 Rhh3 48. Rg2 Rhf3 49. Rg3 Rxf1+ 50. Kxf1 Rxg3 51. hxg3 a3 0-1

[Event "2016 Welsh Seniors Championship"]
[Site "Penarth"]
[Date "2016.08.29"]
[Round "5.1"]
[White "Bevan, Peter M"]
[Black "Reynolds, D Ian W"]
[Result "0-1"]
[WhiteElo "1956"]
[BlackElo "2030"]
[PlyCount "124"]
[EventDate "2016.08.28"]
[EventType "swiss"]
[EventRounds "5"]
[EventCountry "WLS"]
[SourceDate "2016.08.28"]

1. c4 e5 2. g3 Nf6 3. Bg2 c6 4. d4 exd4 5. Qxd4 Na6 6. Nf3 Bc5 7. Qe5+ Qe7 8.
Qxe7+ Bxe7 9. O-O d5 10. cxd5 Nxd5 11. e4 Ndb4 12. Nc3 Bg4 13. h3 Bh5 14. Nd4
O-O-O 15. Be3 Bf6 16. g4 Bxd4 17. Bxd4 Rxd4 18. gxh5 Rhd8 19. a3 Nd3 20. b4 Rc4
21. Ne2 Rc2 22. Ng3 Nc7 23. Bf3 Ne5 24. Bd1 Rc3 25. Be2 Ne6 26. Rfc1 Rxc1+ 27.
Rxc1 Nd4 28. f4 Nxe2+ 29. Nxe2 Rd2 30. fxe5 Rxe2 31. Rf1 Rxe4 32. Rxf7 Rxe5 33.
Rxg7 Rxh5 34. Kh2 a5 35. Kg3 axb4 36. axb4 Rb5 37. Rxh7 Rxb4 38. h4 c5 39. Rf7
c4 40. Rf4 b5 41. h5 Rb1 42. h6 Rg1+ 43. Kh2 Rg8 44. Rf5 Rh8 45. Rxb5 Rxh6+ 46.
Kg3 Kc7 47. Kf2 Kc6 48. Rg5 Re6 49. Rh5 Kb6 50. Rg5 c3 51. Rg3 Rc6 52. Rg1 Kc5
53. Ke2 Rd6 54. Rg8 Kc4 55. Rb8 c2 56. Rc8+ Kb3 57. Rc7 Rd1 58. Rb7+ Ka4 59.
Ra7+ Kb5 60. Rc7 c1=Q 61. Rxc1 Rxc1 62. Kd3 Rc4 0-1

[Event "2016 Welsh Seniors Championship"]
[Site "Penarth"]
[Date "2016.08.29"]
[Round "5.2"]
[White "Van Kemenade, Rudy"]
[Black "James, Dai"]
[Result "1/2-1/2"]
[WhiteElo "1997"]
[BlackElo "1894"]
[PlyCount "91"]
[EventDate "2016.08.28"]
[EventType "swiss"]
[EventRounds "5"]
[EventCountry "WLS"]
[SourceDate "2016.08.28"]

1. e4 e6 2. d3 c5 3. Nf3 b6 4. g3 Bb7 5. Bg2 d6 6. O-O Qc7 7. c3 Nf6 8. Re1 c4
9. e5 dxe5 10. Qa4+ Nbd7 11. Qxc4 Qxc4 12. dxc4 e4 13. Ng5 Ne5 14. Nxe4 Nxe4
15. Bxe4 Nf3+ 16. Bxf3 Bxf3 17. Be3 Be7 18. Bd4 O-O 19. Nd2 Bb7 20. f3 Rac8 21.
b3 Rfd8 22. Re2 Kf8 23. a4 Bc5 24. Bxc5+ bxc5 25. Kf2 Rd3 26. Rc1 a5 27. Rc2
Ke7 28. Re3 Rd6 29. Ne4 Bxe4 30. Rxe4 f6 31. b4 axb4 32. cxb4 cxb4 33. c5 Rdc6
34. Rxb4 Rxc5 35. Rxc5 Rxc5 36. h4 Kf7 37. Ke3 Rc3+ 38. Ke4 Ra3 39. g4 h5 40.
gxh5 f5+ 41. Kf4 Kf6 42. Rc4 e5+ 43. Kg3 e4 44. Rc6+ Kf7 45. Rc7+ Kf6 46. Rc6+
1/2-1/2

[Event "2016 Welsh Seniors Championship"]
[Site "Penarth"]
[Date "2016.08.29"]
[Round "5.3"]
[White "Dixon, Chris"]
[Black "Taylor, Robert Graham"]
[Result "0-1"]
[WhiteElo "1796"]
[BlackElo "1927"]
[PlyCount "110"]
[EventDate "2016.08.28"]
[EventType "swiss"]
[EventRounds "5"]
[EventCountry "WLS"]
[SourceDate "2016.08.28"]

1. Nf3 Nf6 2. g3 g6 3. Bg2 Bg7 4. d3 c5 5. O-O Nc6 6. e4 O-O 7. Re1 d6 8. c3 e5
9. a3 a5 10. a4 h6 11. h3 Kh7 12. Na3 Qe7 13. Nc4 Be6 14. Ne3 Ng8 15. Nd5 Qd8
16. Nh4 Bxd5 17. exd5 Nce7 18. Qc2 f5 19. f4 exf4 20. gxf4 Bf6 21. Qf2 Nxd5 22.
Nxg6 Kxg6 23. Bxd5 Bh4 24. Re6+ Kh7 25. Qe2 Rf7 26. Bg2 Nf6 27. Bd2 Rg7 28. Be1
Ne8 29. Bd2 Nc7 30. Re3 Bg3 31. Rf3 Qg8 32. Kh1 Re8 33. Re3 Rxe3 34. Bxe3 Qe6
35. Qf3 Bh4 36. Bf2 Bxf2 37. Qxf2 b6 38. Re1 Qf6 39. Qe3 Qh4 40. c4 Rg6 41.
Qe7+ Qxe7 42. Rxe7+ Rg7 43. Re2 Kg6 44. Kg1 Kf6 45. Kf2 Ne6 46. Rxe6+ Kxe6 47.
Bd5+ Kf6 48. b3 h5 49. Bf3 h4 50. Bg2 Rg3 51. Bf1 Ke6 52. Ke2 d5 53. Kf2 d4 54.
Ke2 Re3+ 55. Kf2 Kf6 0-1